Introduction to zeolite science and practice /

Gespeichert in:
Bibliographische Detailangaben
Weitere Verfasser: Čejka, Jiří
Format: Buch
Sprache:Englisch
Veröffentlicht: Amsterdam Elsevier 2007
Ausgabe:3rd revised ed.
Schriftenreihe:Studies in surface science and catalysis ; vol. 168
Schlagworte:
Online-Zugang:Table of contents only
Publisher description
Im OPAC anzeigen
Tags: Tag hinzufügen
Keine Tags, Fügen Sie das erste Tag hinzu!

MARC

LEADER 00000cam a2200000 a 4500
005 20260127134335.0
008 011030s2001 ne a b 001 0 eng
010 |a 2001-278850 
020 |a 9780444530639 
035 |a vtls009157194 
039 9 |y 200711080945  |z mschk02 
040 |a STUSCHK1  |b slo  |c STUSCHK1 
082 0 0 |a 660/.2995  |2 21 
245 0 0 |a Introduction to zeolite science and practice /  |c edited by Jiří Čejka ... [et. al.]. 
250 |a 3rd revised ed. 
260 |a Amsterdam  |b Elsevier  |c 2007 
300 |a viiii, 1058 p.  |b ill.  |c 25 cm. 
440 0 |a Studies in surface science and catalysis ;  |v vol. 168 
504 |a Includes bibliographical references and index. 
650 0 |a Zeolites. 
700 1 |a Čejka, Jiří 
856 4 1 |3 Table of contents only  |u http://www.loc.gov/catdir/enhancements/fy0611/2001278850-t.html 
856 4 2 |3 Publisher description  |u http://www.loc.gov/catdir/enhancements/fy0611/2001278850-d.html 
906 |a 7  |b cbc  |c origcop  |d 2  |e ncip  |f 20  |g y-gencatlg 
910 |a SCHK95 
919 |a 978-0444-53063-9 
925 0 |a acquire  |b 2 shelf copies  |x policy default 
999 |c 10264  |d 10264